Greece by Picture - Statistics

General Stats
  • This quiz has been taken 14,688 times
  • The average score is 11 of 18
Answer Stats
Picture Hint Answer % Correct
Greek letter Omega
94%
island Crete
90%
sea Aegean
86%
philosopher Socrates
82%
temple Parthenon
79%
island Rhodes
73%
food product Gyro sandwich
67%
titan Atlas
65%
peninsula Balkan Peninsula
61%
island Santorini
60%
sculpture Venus de Milo
59%
hero Odysseus
54%
Greek-speaking empire Byzantine Empire
49%
city Thessaloniki
43%
peninsula Peloponnese
38%
musical god Apollo
37%
food product Spanikopita
28%
type of soldier Hoplite
25%
No matching quizzes found
Score Distribution
Percent of People with Each Score
Percentile by Number Answered
Your Score History
You have not taken this quiz